00922cam a22002655a 4500001000800000005001700008008004100025020001500066020001800081040002800099082002000127100001600147245009300163250001200256260004500268300004500313504005100358650003400409650003900443653002800482700002100510942000800531999001700539952010000556403765920201128024300.0980114t1997 enka frb 001 0 eng d a0760049041 a9780760049044 aDLCcDLCbengdEG-ScBUE04a005.74222bROB1 aRob, Peter.10aDatabase systems :bdesign, implementation, and management /cPeter Rob, Carlos Coronel. a3rd ed. aCambridge :bCourse Technology,cc.1997. a1 v. (Various pagings) :bill. ;c27 cm. aIncludes bibliographical references and index. 7aDatabase design.2BUEsh92653 7aDatabase management.2BUEsh911309 bGGENbCOMSCIcMarch20181 aCoronel, Carlos. 2ddc c26307d26279 00102ddc4070aMAINbMAINcLOWd2018-03-14l0o005.74 ROBp000047410r2025-07-15 00:00:00yBB